Shkola - masterskaja chelovechnosti (Jan Amos Komenskij) informacija - impressija kak istochnik poznanija i sredstvo formirovanija lichnosti uchashchegosja pri izuchenii russkogo jazyka kak inostrannogo
V príspevku sa zaoberáme digitálnym spracovaním témy Škola a vzdelávanie v aktualizácii slovenských národných kultúrnych učebníc ruského jazyka od autorov E. Kollárovej a L. B. Trushina -Vstrechi s Rossiyey. Na základe syntetickej výtvarnej kultúry využívame asociatívnu auru informačno-dojmu, aby sm...
Na minha lista:
| Autor principal: | |
|---|---|
| Outros Autores: | |
| Formato: | Capítulo de Livro |
| Idioma: | russo |
| Assuntos: | |
| Tags: |
Sem tags, seja o primeiro a adicionar uma tag!
|
MARC
| LEADER | 00000naa$a2200000$$$4500 | ||
|---|---|---|---|
| 001 | 0307529 | ||
| 005 | 20250307100016.1 | ||
| 041 | 0 | |a rus | |
| 044 | |a SK | ||
| 245 | 1 | 0 | |a Shkola - masterskaja chelovechnosti (Jan Amos Komenskij) informacija - impressija kak istochnik poznanija i sredstvo formirovanija lichnosti uchashchegosja pri izuchenii russkogo jazyka kak inostrannogo |c Milan Bujnak, Ekaterina Borisova |
| 520 | |a V príspevku sa zaoberáme digitálnym spracovaním témy Škola a vzdelávanie v aktualizácii slovenských národných kultúrnych učebníc ruského jazyka od autorov E. Kollárovej a L. B. Trushina -Vstrechi s Rossiyey. Na základe syntetickej výtvarnej kultúry využívame asociatívnu auru informačno-dojmu, aby sme pre študentov pripravili obohacujúci, zážitkový kognitívny materiál v dialógu kultúr. | ||
| 610 | 2 | 0 | |a ruština |
| 610 | 2 | 0 | |a jazyky cudzie |
| 610 | 2 | 0 | |a kultúra |
| 610 | 2 | 0 | |a vyučovanie |
| 100 | 1 | |a Bujnak, Milan | |
| 700 | 1 | |a Borisova, Ekaterina, 1971- | |